| Tag |
First Indicator |
Second Indicator |
Subfields |
| LEADER |
00000cam a2200000 4500 |
| 001 |
in00000041995 |
| 005 |
20151007070705.0 |
| 008 |
750212s1909 nyuaf 00010 eng u |
| 010 |
|
|
|a 09031685
|
| 035 |
|
|
|a (OCoLC)01169395
|
| 035 |
|
|
|9 AAE4514AM
|
| 040 |
|
|
|c MDY
|d TXA
|d UtOrBLW
|
| 049 |
|
|
|a TXAM
|c [9331]
|
| 050 |
|
0 |
|a QB981
|b .L88
|
| 092 |
|
|
|a 523.1
|b L916e
|
| 100 |
1 |
|
|a Lowell, Percival,
|d 1855-1916.
|
| 245 |
1 |
4 |
|a The evolution of worlds /
|c by Percival Lowell ...
|
| 264 |
|
1 |
|a New York :
|b The Macmillan company,
|c [1909]
|
| 264 |
|
4 |
|c [©1909]
|
| 300 |
|
|
|a xiii, 262 pages :
|b frontispiece, illustrations, plates, diagrams ;
|c 23 cm.
|
| 336 |
|
|
|a text
|b txt
|2 rdacontent
|
| 337 |
|
|
|a unmediated
|b n
|2 rdamedia
|
| 338 |
|
|
|a volume
|b nc
|2 rdacarrier
|
| 650 |
|
0 |
|a Cosmogony.
|
| 999 |
|
|
|a MARS
|
| 999 |
f |
f |
|s 1d85b20e-27eb-3427-8ee9-b1c0c3f747fe
|i 9506dca2-440a-3439-acb9-ad3bc131027c
|t 0
|
| 952 |
f |
f |
|p normal
|a Texas A&M University
|b College Station
|c Sterling C. Evans Library
|d Evans: Library Stacks
|t 0
|e QB981 .L88
|h Library of Congress classification
|i unmediated -- volume
|m A14800900906
|
| 998 |
f |
f |
|a QB981 .L88
|t 0
|l Evans: Library Stacks
|